Theory and problems of programming with pascal: With emphasis on turbo pascal and with features of standard ansi pascal (Record no. 97242)

MARC details
000 -LEADER
fixed length control field 00504nam a2200169Ia 4500
008 - FIXED-LENGTH DATA ELEMENTS--GENERAL INFORMATION
fixed length control field 230917s9999||||xx |||||||||||||| ||und||
020 ## - ISBN
Price RS190
040 ## - CATALOGING SOURCE
-- 14360
Original cataloging agency VIVEKANANDA LIBRARY
041 ## - Language
-- English
082 ## - DDC NUMBER
Classification number 005.133 G173T
100 ## - MAIN ENTRY--PERSONAL NAME
Personal name GottfriEd, Byron S
245 #0 - TITLE STATEMENT
Title Theory and problems of programming with pascal: With emphasis on turbo pascal and with features of standard ansi pascal
250 ## - EDITION STATEMENT
Edition statement 2nd ed.
260 ## - PUBLICATION, DISTRIBUTION, ETC. (IMPRINT)
Place of publication, distribution, etc New York
Name of publisher, distributor, etc Tata McGraw-Hill
Date of publication, distribution, etc 1996
300 ## - PHYSICAL DESCRIPTION
Pages viii, 428 p.
942 ## - ADDED ENTRY ELEMENTS (KOHA)
Koha item type Books
Holdings
Withdrawn status Lost status Damaged status Not for loan Location (home branch) Sublocation or collection (holding branch) Shelving location Date acquired Koha issues (times borrowed) Koha full call number Accession No. Koha date last seen Koha item type
        VIVEKANANDA LIBRARY VIVEKANANDA LIBRARY UIET Library 08/08/2002   005.133 G173T 180027 17/09/2023 Books
© Designed and Maintained by Vivekananda Library, MDU Rohtak